T.G.I.F. Game Quiz Stats

 Plays Quiz Updated Oct 19, 2018

Score 0/36 Timer 05:00
0 Plays Today
Category Answer % Correct
Countries of the WorldGermany
98.8%
Countries of the WorldIndia
98.3%
Countries of the WorldFiji
96.9%
Countries of the WorldTurkey
95.6%
US StatesIdaho
94.4%
HTML ColorsGreen
93.6%
US StatesTennessee
93.5%
US StatesGeorgia
90.6%
US StatesFlorida
90.3%
Chemical ElementsIodine
86.8%
Top 20 WebsitesGoogle
86.1%
HTML ColorsIndigo
83%
Chemical ElementsTitanium
81.1%
Chemical ElementsGold
77.2%
Big 4 Team NamesTexans
76.2%
HTML ColorsTurquoise
75.6%
Olympic SportsGolf
74.7%
Olympic SportsFootball
73.6%
Category Answer % Correct
Pixar MoviesToy Story
67.4%
Big 4 Team NamesGiants
65.9%
Big 4 Team NamesIndians
64.8%
Olympic SportsTennis
62.3%
Big 4 Team NamesFalcons
59.1%
Chemical ElementsFluorine
57.8%
Top 20 WebsitesFacebook
55.3%
Emmy Best Comedy WinnersFriends
52.2%
Pixar MoviesInside Out
51.1%
Olympic SportsIce Hockey
43.7%
Top 20 WebsitesTwitter
35.5%
Pixar MoviesFinding Nemo
34.9%
Top 20 WebsitesInstagram
33.9%
Emmy Best Comedy WinnersThe Golden Girls
19.4%
Pixar MoviesThe Good Dinosaur
15.9%
HTML ColorsFuchsia
15.3%
Emmy Best Comedy WinnersTaxi
11.9%
Emmy Best Comedy WinnersI Love Lucy
9.5%

You're not logged in!

Compare scores with friends on all Sporcle quizzes.
OR
Log In

Sporcle TV

Today on Sporcle TV


Watch our educational content, quiz creation guides, and fun videos on Sporcle TV.

Show Comments

Extras

Top Quizzes Today


Score Distribution

Your Account Isn't Verified!

In order to create a playlist on Sporcle, you need to verify the email address you used during registration. Go to your Sporcle Settings to finish the process.

Report this User

Report this user for behavior that violates our Community Guidelines.

Details: